000 00897nam a22002415i 4500
001 164873
003 ES-MaACL
005 20230906213026.0
008 000209s1857 fr |||| | fre d
040 _aCCPB | B
_bspa
_cCCPB | B
100 1 _aScarron, Paul.
_9132529
245 1 3 _aLe roman comique /
_cpar Scarron.
250 _aNouvelle éd. rev., an. et précédée d'une introduction
_bpar M. Victor Fournel.
260 _aA Paris :
_bchez P. Jannet, libraire,
_c1857.
300 _a2 v. ;
_c17 cm.
490 1 _aBibliothèque elzevirienne
500 1 _aSerie tomada del lomo.
700 1 1 _aFournel, Victor,
_eed. lit.
_9127124
752 _aFrancia -
_dParís
830 0 _aBibliothèque elzevirienne
_9180979
852 _aES-MaACL
_jG-2353-2354
_z-- Enc. ed. en tela roja con hierros dorados
_x-- Edic.: añadir en T260 (imprimé par Guiraudet et Jouaust)
999 _c164873
_d164873